MDQL
is popping MORE tags! Check the
thread
!
Quizzes
Events
Quiz Creation
Community
Videos
Private Events
Remove Ads
Sign In
Join for FREE
Feedback
Dark Mode
Quiz Categories
Sports
Geography
Music
Movies
Television
Just For Fun
Miscellaneous
History
Literature
Language
Science
Gaming
Entertainment
Religion
Holiday
For Kids
Quiz Lab
Recent
Popular Today
Quiz Kudos Today
Editor Picks
Curator Picks
Quizzes by...
Day
Popularity
Type
Ratings
Length
Year
Community
Subscriptions
Recent Discussions
Orange Saloon
Badges
Playlists
Quests
Create
Leaderboards
Showdown
Live 5
Trivia Bingo
Activity
Puzzle Library
Sporcle Events
Private Events
Virtual Trivia
Globe League
Become a Host
Pub Owners
SporcleCon
Opinionation
Our Games
Videos
Blog
Mobile Apps
Partnerships
Remove Ads and Go Orange
Feedback
Entertainment
Celebrity
Famous
Musical
Broadway
Show
Quote
Comic Books
Anime
Superhero
DC Comics
Marvel
Cartoons
Animation
Entertainment
Celebrity
Famous
Musical
Broadway
Show
Quote
Comic Books
Anime
Superhero
DC Comics
Marvel
Cartoons
Animation
Random Quiz
Search Sporcle
×
Quiz Lab
Quiz Lab
Entertainment
starkid
Type in answers that appear in a list
Type in answers that appear in a list
Classic
Best Score? Go Orange.
StarKid Songs Stats
Can you name every song from StarKid's musicals?
By
SuperBabyMario
15m
95 Questions
957 Plays
957 Plays
957 Plays
Comments
Comments
Give Quiz Kudos
Give Quiz Kudos
-
- Ratings
hide this ad
More Info
Replay
Link that replays current quiz
Next Quiz
Link to next quiz in quiz playlist
You Got
0%
They Got
Avg Score
70%
Avg Friend Score
Upgrade to see
Score Distribution
Jump to the score distribution portion of the page
Score
0/95
Timer
15:00
0
Plays Today
Musical
Song
% Correct
A Very Potter Musical
Goin' Back to Hogwarts
97.4%
A Very Potter Musical
Harry
95.8%
A Very Potter Musical
Granger Danger
94.3%
A Very Potter Musical
Different As Can Be
92.9%
A Very Potter Musical
Ginny's Song
90.9%
A Very Potter Musical
To Dance Again
89%
A Very Potter Musical
Not Alone
88.1%
A Very Potter Sequel
Harry Freakin' Potter
88.1%
A Very Potter Musical
Hey Dragon
87.4%
Starship
Kick It Up a Notch
87.4%
A Very Potter Sequel
Stutter
87.1%
A Very Potter Sequel
The Coolest Girl
85.2%
Holy Musical B@man!
Super Friends
84.8%
Holy Musical B@man!
Holy Musical B@man!
84.1%
Twisted
Twisted
84.1%
Me and My Dick
Me and My Dick
83.2%
A Very Potter Musical
Voldemort Is Goin' Down
82.5%
Starship
I Wanna Be
82.5%
A Very Potter Musical
Cho's Song
82.1%
A Very Potter Senior Year
Sidekick
81.8%
Holy Musical B@man!
Rogues Are We
81.7%
A Very Potter Sequel
Not Over Yet
81.3%
A Very Potter Sequel
Guys Like Potter
80.9%
Starship
Beauty
80.8%
A Very Potter Musical
Missing You
80.6%
Twisted
No One Remembers Achmed
80.4%
A Very Potter Sequel
To Have a Home
79.8%
Starship
The Way I Do
79.7%
Starship
Get Back Up
79.2%
A Very Potter Senior Year
Get In My Mouth
78.9%
A Very Potter Sequel
Days of Summer
78.8%
The Trail to Oregon!
Independence!
78.7%
Musical
Song
% Correct
A Very Potter Sequel
Gettin' Along
78.6%
Twisted
Golden Rule
78.5%
Twisted
Everything and More
78.3%
The Trail to Oregon!
Naked in a Lake
78.3%
Twisted
I Steal Everything
78.2%
Starship
Status Quo
77.1%
A Very Potter Sequel
Those Voices
76.9%
Twisted
Take off Your Clothes
76.9%
Starship
Hideous Creatures
76.8%
Twisted
Orphaned at Thirty-Three
76.5%
Holy Musical B@man!
Robin Sucks
75.8%
A Very Potter Senior Year
Senior Year
75.8%
Twisted
A Thousand and One Nights
75.5%
A Very Potter Senior Year
Wizard of the Year
74.8%
Starship
Life
74.4%
Twisted
Dream a Little Harder
74.2%
The Trail to Oregon!
Pays to Be an Animal
73.3%
The Trail to Oregon!
When the World's at Stake
72.9%
Holy Musical B@man!
Dark, Sad, Lonely Knight
72.9%
A Very Potter Sequel
Hermione Can't Draw
72.6%
The Trail to Oregon!
Wagon on Fire
72.4%
Holy Musical B@man!
The American Way
72.2%
A Very Potter Senior Year
This Is the End
72.1%
Me and My Dick
Ready to Go
71.9%
Me and My Dick
Listen to Your Heart
71.9%
Ani
Ani
71.2%
A Very Potter Sequel
No Way
70.8%
A Very Potter Senior Year
Everything Ends
69.9%
A Very Potter Senior Year
The School Is Mine
69.6%
The Trail to Oregon!
Lost Without You
68.5%
A Very Potter Senior Year
Always Dance
68%
Twisted
Happy Ending
68%
Musical
Song
% Correct
The Trail to Oregon!
Speedrun
67.9%
The Trail to Oregon!
Dysentery World
67.8%
Twisted
Sands of Time
67.1%
Holy Musical B@man!
To Be a Man
66.4%
Twisted
If I Believed
66%
Holy Musical B@man!
Dynamic Duet
65.4%
The Trail to Oregon!
You Gotta Go
64.8%
The Trail to Oregon!
The Grind
64.6%
The Trail to Oregon!
Gone to Oregon
64.1%
Me and My Dick
Heaven on Earth
63.5%
A Very Potter Senior Year
I Was
62.5%
The Trail to Oregon!
Caulk the Wagon
61.7%
Twisted
The Power in Me
61.2%
A Very Potter Sequel
Let the Games Begin
58.2%
Me and My Dick
Flight of the Pussies
55.5%
Me and My Dick
Council of the Pussies
54.9%
Me and My Dick
Land of the Dicks
54.5%
A Very Potter Sequel
Lupin Can't Sing
51.5%
Me and My Dick
Big T's Temptation
49.6%
Ani
The Force (You Got It)
48.9%
Ani
Haunted by the Kiss
48.2%
Me and My Dick
I've Seen You Around Here Before
47.9%
Me and My Dick
Even Though
47.1%
Me and My Dick
Nothin' Like a Dick
46%
Ani
Back on Top
45.2%
Ani
Long Ago and Far Away
44.9%
A Very Potter Senior Year
When You Have to Go All the Way Home
42.2%
Me and My Dick
Gotta Find His Dick
42%
Ani
One in a Million
35.3%
Ani
Strike Back
35.1%
Ani
With My Own Eyes
34.4%
Quiz Playlist
Details
Report
Send in Message
Add To Playlist
More Info:
Reprises are not listed unless they have a different title. Songs from Little White Lie are not included.
Classic:
Type in answers that appear in a list
Last Updated: Aug 4, 2017
Quiz Scoreboard
CHALLENGE
Sign Up to Join the Scoreboard
Show All
Scores
Hide
Comments
May contain spoilers
Recently Published
Image Sorting: Flags VI
by Barbecue
Geography
2m
Find the 'City' Movie
by crazypaving
Movies
60s
Colored Red Africa Blitz
by spor1
Geography
45s
More to Explore
Quiz From the Vault
Featured Blog Post
14 Easter Pick-up Lines to Find Eggs With
hide this ad
You Might Also Like...
Tags
starkid
Today's Top Quizzes in Entertainment
Browse Entertainment
hide this ad
Top Contributed Quizzes in Entertainment
1
Marvel Classic Character Map
2
Dragon Ball Z: Goku's Fights in Order
3
Marvel Characters Bunker
4
JoJo's Bizarre Logic Quiz
5
Harry Styles-Are you no.1 fan
6
Sorting Pictures: Villains
7
This is Your Life: Edward Elric
8
Celebrity Spelling Bee
9
This is Your Life: Itachi Uchiha
10
BOYS PLANET Quiz
Explore More
Trending Topics
Harry Potter
Marvel
Crossword
NBA
Anime
Disney
Kpop
Song
Puzzle
The Office
Country
WWE
Soccer
NFL
Pokémon
hide this ad
More By:
SuperBabyMario
Quiz
Plays
Rating
Category
Featured
Created
StarKid Songs
957
4.00
Entertainment
Apr 22, 2014
Pokémon - Elite Four/Champion's Pokémon
716
5.00
Gaming
Jul 31, 2014
Pokémon - Gym Leaders' Pokémon
239
3.25
Gaming
Jul 30, 2014
Super Mario 64 - Stars
196
2.00
Gaming
Apr 21, 2013
Bravely Default - Asterisk Holders
134
5.00
Gaming
May 4, 2015
Go to Creator's Profile
Score Distribution
Quiz Creator Spotlight
SuperBabyMario
Follow
Send a Message
Quizzes Created
-
Created Quiz Play Count
-
More By This Creator
Popular Quizzes Today
1
Colored Red Africa Blitz
2
Find the US States - No Outlines Minefield
3
Find the 'City' Movie
4
5x2 Blitz: Bands
5
The Countries of the World
6
Find the US States
7
Find the Countries of Europe - No Outlines Minefield
8
US States
More Entertainment Quizzes
Dragon Ball Z: Z Fighters
Quiz Lab
Trending Quizzes
Colored Red Europe Blitz I
Colored Red Europe Blitz II
Colored Red Africa Blitz II
Colored Red Europe Blitz III
Colored Red Africa Blitz III
Recently Updated
How Do You Spell That?
pecheneg
Godzilla Movies
pecheneg
Grab Bag: 4-10 Letters
pecheneg
2024 March Madness Bracket
pecheneg
Famous TV Couples
Peacemaker
Champions League XIs: Real Madrid
pecheneg
Largest US Cities 1790-2010
pecheneg
Rides in Walt Disney World
pecheneg
Most Oscar Losses (Acting)
pecheneg
Beyoncé Albums
pecheneg
Trending Topics
Crossword
Anime
Kpop
Harry Potter
Disney
Marvel
NBA
Puzzle
Pokémon
WWE
The Office
Song
NFL
Soccer
Country
Your Account Isn't Verified!
In order to create a playlist on Sporcle, you need to verify the email address you used during registration. Go to your
Sporcle Settings
to finish the process.
Report this User
Report this user for behavior that violates our
Community Guidelines
.
Details:
Send Report
Go to the Sporcle.com Mobile Site →
Comments